00354nam a2200109Ia 4500082001900000245002300019100004000042942000700082008004100089999001900130952009500149 aJ 534.078 WOOD 0aSound and hearing  a WOODFORD, Chris [London], 2006  cBK210817s9999 xx 000 0 und d c323623d323622 00104070aCASSLbCASSLd2021-08-19g29.00l0p33228021868912r2021-08-19w2021-08-19yBK